Statistics for L Vocabulary Words Quiz #2

Click here to take the quiz!

General Stats

  • This quiz has been taken 26,848 times
  • The average score is 15 of 22

Answer Stats

Definition Word % Correct
The words to a songLyrics
99%
Deadly sin of sexual desireLust
96%
Sugar, found in milk, that some
people can't tolerate
Lactose
95%
Molten rock on the Earth's surfaceLava
91%
Espresso and steamed milkLatte
89%
Person who has leprosyLeper
80%
Rendered pig fatLard
72%
Type of food such as peas or beansLegume
70%
Hawaiian feastLuau
67%
Book of accounting credits and debitsLedger
65%
Cloth-making machineLoom
64%
Olympic racing sledLuge
64%
Fabric made from flaxLinen
61%
To whip; especially as a punishmentLash
60%
Division of Roman soldiersLegion
60%
Embankment to prevent floodingLevee
55%
Opposite of windwardLeeward
54%
11th Greek letterLambda
51%
Place in the afterlife for unbaptized infantsLimbo
49%
Another name for tetanusLockjaw
43%
Brined salmonLox
41%
To read internet discussions without
actively participating
Lurk
41%

Score Distribution

Percentile by Number Answered

Percent of People with Each Score

Your Score History

You have not taken this quiz